000 00702nam a2200241Ia 4500
005 20260430150139.0
008 008 250103s9999 xx 000 0 eng d
037 _aTheses
040 _aCRL
040 _beng
040 _ceng
041 _2eng
041 _aeng
084 _qCRL
100 _aSandeep Kumar Au.; Prasad Ashok K Gu.
_91236597
245 0 _aSynthesis of modified pyramidine nucleosides, sugar-fused pyrano[3,2-c] pyranones and their photophysical & anti-cancer activity study
260 _c2022
300 _a352p.
650 _aChemistry
700 _aUniversity of Delhi. Faculty of Science. Deptt of Chemistry
_91236598
942 _cTH
999 _c1849065
_d1849065